| 000 | 00498nam a2200169Ia 4500 | ||
|---|---|---|---|
| 008 | 240729s9999 xx 000 0 und d | ||
| 022 | _a2345-4946 | ||
| 245 | 0 | _aInfection Epidemiology and Medicine | |
| 260 | _aIran, Islamic Republic of | ||
| 260 | _bUniversity of Tarbiat Modares | ||
| 650 | _a Infectious and parasitic diseases | ||
| 650 | _a Internal medicine | ||
| 650 | _aMedicine | ||
| 856 | _uhttps://doaj.org/toc/8c4420b0c35c472c89407aa6d0b223b7 | ||
| 942 | _2ddc | ||
| 942 | _cDOAJEJ | ||
| 999 |
_c68075 _d68075 |
||
| 945 |
_a1 _bMadushi Gamage _c1 _dMadushi Gamage |
||